| 000 | 00422nam a2200145Ia 4500 | ||
|---|---|---|---|
| 999 |
_c12095 _d12095 |
||
| 082 | _aTB.0125 | ||
| 100 | _aBisen, B.B. Singh | ||
| 245 | 0 | _aCo-operative banking in Uttar Pradesh | |
| 260 |
_c1971 _bUniversity of Lucknow |
||
| 300 | _a337 | ||
| 650 |
_aBanks and Banking, Cooperative _zUttar Pradesh |
||
| 650 |
_aAgricultural cooperative credit associations _zUttar Pradesh |
||
| 710 | _aSarkar, K.C. | ||
| 942 |
_cTH _2ddc |
||